01113nam a2200253Ia 4500952010000000999001700100005001700117008004100134020001800175050002400193245008100217250001700298260003400315300002300349500015400372519011100526650003300637650003800670700003300708700003300741700003900774700003900813942000700852 00104070a12b12d2018-05-11l0oQA76.9C65 R56 2009p12 004461r2018-05-11t1w2018-05-11yLB c73698d7369820231102151123.0180511s 2009mx ||||| |||| 00| 0 spa d a9789701514573 aQA76.9C65bR56 2009 aSimulaciónb: métodos y aplicacionesc/ David Ríos Insúa... [et al.] a2a edición aMéxicob: Alfaomegac, 2009 axv, 308 páginas. aÍndices de autores y analítico Cada capítulo incluye: conclusiones y ejercicios Apéndice: probabilidades y estadística: conceptos básicos aPlan Flexible / bTecnologías de la Información / cSimulación Computacional (P16-3) / d(12 004461) 0aSIMULACIÓN POR COMPUTADORA 0aSISTEMAS EXPERTOS - COMPUTACIÓN aRíos Insúa, Davideautor aRíos Insúa, Sixtoeautor aMartín Jiménez, Jacintoeautor aJiménez Martín, Antonioeautor cLB